000 00422nam a2200133Ia 4500
005 20260328101449.0
008 260328s9999||||xx |||||||||||||| ||und||
100 _aGiró, Horacio
245 0 _aPremio anual de Arquitectura, Urbanismo, Investigación y teoría - 1997 /
_cHoracio Giró
260 _bColegio de Arquitectos e la Provincia de Buenos Aires
300 _a107 p.
650 _aARQUITECTURA REGIONAL
942 _cBK
999 _c8590
_d8590